00924nam a22002417a 450000500170000001000140001702000230003103500130005403700130006708200100008024501260009026000560021627000670027230000270033965000320036665000290039870000300042770000270045770000220048494200240050699900170053095201350054720100802141230.0 aENG-97787 a8175201088c350.00 aEN-81320 bDBAD/PUB a630.7 aAcademics and beyond :btryst with agriculture education /cedited by Bijaylaxmi Mishra, Rishi Dev Anand [and] Beena Shah aNew DelhibAssociation of Indian Universitiesc2009 a16 Comrade Indrajit Gupta Marg (Kotla Marg)bNew Delhie110002 axxi, 277p.c24cm (pbk) aAgriculture education94239 aAgriculturezIndia94240 aMishra, Bijayalaxmi94241 aAnand, Rishi Dev94242 aShah, Beena94243 2ddccENh630.7mACA c38663d38663 001040718NFICaDBADbDBADd2010-08-02eDBAD/PUBg350.00l0o630.7 ACApEN-81320r2010-08-02 00:00:00t1v350.00w2010-08-02yEN